000 00406nam a2200169Ia 4500
008 230516s9999 xx 000 0 und d
041 _aeng
082 _a612.11
_bPIL
100 _aK.K.PILLAI
245 _aBIOCHEMISTRY AND CLINICAL PATHOLOGY
260 _aDELHI
_bC.B.S. PUBLISHERS & DISTRUTORS
_c1994
300 _a215
365 _h15
500 _aPB
520 _aBCP
650 _aBIOCHEMISTRY
999 _c362545
_d362545